| 000 | 00652nam a2200169 i 4500 | ||
|---|---|---|---|
| 001 | 26903 | ||
| 003 | ES-MaACL | ||
| 007 | t| | ||
| 008 | 030113s1981 sp ||||1| spa d | ||
| 245 | 0 | 0 |
_aAscua de veras _b: estudios sobre la obra de Calderón... |
| 260 |
_aGranada : _bUniversidad de Granada, Departamento de Literatura Española, _c1981. |
||
| 300 |
_a106 p. ; _c21 cm. |
||
| 490 | 1 |
_aFacultad de Filosofía y Letras. Granada, Departamento de Literatura Española ; _v11 |
|
| 830 | 0 |
_aFacultad de Filosofía y Letras. Granada, Departamento de Literatura Española ; _v11 _9183696 |
|
| 852 |
_aES-MaACL _jL-4308 _bR.105091 |
||
| 999 |
_c26903 _d26903 |
||